Dios cercano

Gespeichert in:
Bibliographische Detailangaben
1. Verfasser: Boros, Ladislaus (VerfasserIn)
Format: Buch
Sprache:Spanisch
Veröffentlicht: Salamanca Sígueme 1981
Ausgabe:4a. ed
Schriftenreihe:Pedal, 1
Schlagworte:
Tags: Tag hinzufügen
Keine Tags, Fügen Sie den ersten Tag hinzu!

MARC

LEADER 00000nam a2200000 a 4500
001 UCY4569
003 CL-VaPUC
008 950317e19810000SP |||||||||||||||||spa|d
020 |a 8430104909 
082 0 4 |a 248.2  |b BOR  |2 21 
100 0 |a Boros, Ladislaus  |e author  |9 333045 
245 1 0 |a Dios cercano 
250 |a 4a. ed 
300 |a 93 p 
942 |c BK 
945 |d 19950317 00:00:00  |a aalvarez 
260 |a Salamanca  |b Sígueme  |c 1981 
650 7 |a RETIROS ESPIRITUALES  |2 CL-VaPUC  |9 333046 
650 0 |a Meditaciones  |9 309833 
650 0 |a Vida espiritual  |9 307811 
583 |a last modification  |c 19950317 00:00:00  |k Rodrigo Vera 
490 0 |a Pedal, 1 
999 |c 232389  |d 232387 
952 |0 0  |1 0  |4 0  |6 248_200000000000000_BOR_1981  |7 0  |8 A  |9 236665  |a BIBTEO  |b BIBTEO  |d 2019-11-15  |i 3063984  |o 248.2 BOR 1981  |p 3063984  |r 2025-01-17  |w 2019-11-15  |y BK  |k ICR